[Event "Los Pumas Get Together"]
[Site "SchemingMind.com"]
[Date "2007.06.21"]
[Round "-"]
[White "ilhado"]
[Black "Raimondi"]
[Result "1-0"]
[WhiteCountry "BRA"]
[BlackCountry "PER"]
[WhiteElo "1776"]
[WhiteRD "72"]
[BlackElo "1621"]
[BlackRD "73"]
[GameID "110418"]

1. d4 d5 2. c4 e6 3. e3 Nf6 4. Nc3 c6 5. Nf3 Nbd7 6. Bd3 dxc4 7. Bxc4 b5 8. Bd3 Be7 9. O-O O-O 10. a3 a6
11. b4 a5 12. bxa5 Qxa5 13. Bb2 Bb7 14. Qc2 Qc7 15. Nxb5 Qb6 16. Nc3 c5 17. Nd2 cxd4 18. exd4 Rfd8 19. Nce4 Bd5 20. Nc4 Qc6
21. Rfc1 Nxe4 22. a4 Nd6 23. Ne3 Qxc2 24. Rxc2 Bb3 25. Rcc1 Rxa4 26. Rxa4 Bxa4 27. d5 Bb3 28. dxe6 Bxe6 29. h3 Bf6 30. Ba3 Nb7
31. Be2 Bd4 32. Ng4 Nf6 33. Nh2 Ne4 34. Ng4 Bxg4 35. Bxg4 Bxf2+ 36. Kf1 Bh4 37. Bf3 Ng3+ 38. Kg1 Nd6 39. Re1 Nc4 40. Bb4 Nf5
41. Re4 Nce3 42. g4 Bf6 43. gxf5 Nxf5 44. Ba5 Rc8 45. Bg4 Nd6 46. Re2 Re8 47. Rc2 Bd4+ 48. Kg2 g6 49. Rc1 h5 50. Bf3 Nf5
51. Bb7 Kg7 52. Bc3 h4 53. Bxd4+ Nxd4 54. Rc4 Re7 55. Bd5 Nf5 56. Kf2 g5 57. Bf3 Kg6 58. Ra4 Ng3 59. Ra6+ f6 60. Bg4 Kg7
61. Ra5 Rc7 62. Ke3 Kf7 63. Kd4 Ke7 64. Rb5 Ne2+ 65. Kd3 Nf4+ 66. Kd4 Ne6+ 67. Kd5 Rd7+ 68. Ke4 Rd6 69. Rb7+ Rd7 70. Rb5 Rd4+
71. Ke3 Nc7 72. Rb7= Rc4 73. Kd3 Rc1 74. Ke4 Kd6 75. Rb6+ Rc6 76. Rxc6+ Kxc6 77. Kf5 Ne8 78. Ke6 Kc7 79. Ke7 Kc6 80. Kxe8 Kd6
81. Kf7 Ke5 82. Kg6
1-0

[Event "Los Pumas Get Together"]
[Site "SchemingMind.com"]
[Date "2007.06.22"]
[Round "-"]
[White "ilhado"]
[Black "lawrencehourihan"]
[Result "1-0"]
[WhiteCountry "BRA"]
[BlackCountry "CAN"]
[WhiteElo "1816"]
[WhiteRD "81"]
[BlackElo "1536"]
[BlackRD "81"]
[GameID "110419"]

1. e4 c5 2. Nf3 e6 3. d4 cxd4 4. Nxd4 d6 5. Bc4 Nf6 6. Bg5 Be7 7. Nc3 O-O 8. O-O Nbd7 9. h3 a6 10. a3 Nc5
11. Re1 b5 12. Nc6 Qd7 13. Nxe7+ Qxe7 14. Ba2 Bb7 15. f3 h6 16. Bh4 Ncd7 17. Qe2 Ne5 18. Rad1 g5 19. Bf2 Nh5 20. Qd2 Rad8
21. Kh2 Qf6 22. Ne2 Ng6 23. c3 Qe5+ 24. Kg1 Kh7 25. Bd4
1-0

[Event "Los Pumas Get Together"]
[Site "SchemingMind.com"]
[Date "2007.06.21"]
[Round "-"]
[White "ilhado"]
[Black "Zugzwang"]
[Result "1-0"]
[WhiteCountry "BRA"]
[BlackCountry "CAN"]
[WhiteElo "1816"]
[WhiteRD "81"]
[BlackElo "1440"]
[BlackRD "69"]
[GameID "110420"]

1. e4 e5 2. f4 exf4 3. Nf3 g5 4. h4 g4 5. Ne5 Nf6 6. Bc4 d5 7. exd5 Bd6 8. d4 h5 9. Bxf4 Bf5 10. Nc3 Qe7
11. Qe2 Na6 12. a3 Nd7 13. O-O-O f6 14. Nxd7 Bxf4+ 15. Kb1 Kxd7 16. Qxe7+ Kxe7 17. Rhf1 Bg3 18. Rxf5 Bxh4 19. Ne4 Raf8 20. g3 Bg5
21. Re1 Kd8 22. Nxg5 fxg5 23. Rxg5 Rf3 24. Bb5 Rxg3 25. Rxh5 Rf8 26. Rf5
1-0

[Event "Los Pumas Get Together"]
[Site "SchemingMind.com"]
[Date "2007.06.22"]
[Round "-"]
[White "ilhado"]
[Black "Mortadulo"]
[Result "1-0"]
[WhiteCountry "BRA"]
[BlackCountry "USA"]
[WhiteElo "1816"]
[WhiteRD "81"]
[BlackElo "1801"]
[BlackRD "82"]
[GameID "110421"]

1. d4 Nf6 2. c4 c5 3. e3 cxd4 4. exd4 d5 5. Nc3 g6 6. Bd3 Nc6 7. Nf3 Bg7 8. cxd5 Nxd5 9. Be4 e6 10. Nxd5 exd5
11. Bc2 Bg4 12. Be3
1-0

[Event "Los Pumas Get Together"]
[Site "SchemingMind.com"]
[Date "2007.06.21"]
[Round "-"]
[White "ilhado"]
[Black "strokem1"]
[Result "1-0"]
[WhiteCountry "BRA"]
[BlackCountry "USA"]
[WhiteElo "1739"]
[WhiteRD "89"]
[BlackElo "1321"]
[BlackRD "83"]
[GameID "110422"]

1. e4 c5 2. Nf3 d6 3. d4 cxd4 4. Nxd4 Nc6 5. Bb5 Qb6 6. Nc3 Bd7 7. Be3 Qc7 8. Nd5 Qd8 9. c4 a6 10. Nxc6 bxc6
11. Bb6
1-0

[Event "Los Pumas Get Together"]
[Site "SchemingMind.com"]
[Date "2007.06.22"]
[Round "-"]
[White "ilhado"]
[Black "acbrasileiro"]
[Result "1/2-1/2"]
[WhiteCountry "BRA"]
[BlackCountry "BRA"]
[WhiteElo "1816"]
[WhiteRD "81"]
[BlackElo "1849"]
[BlackRD "105"]
[GameID "110423"]

1. d4 d5 2. c4 e6 3. Nc3 Nf6 4. Bg5 Be7 5. Nf3 O-O 6. e3 h6 7. Bh4 Ne4 8. Bxe7 Qxe7 9. Bd3 Nxc3 10. bxc3 dxc4
11. Bxc4 c6 12. O-O Nd7 13. Re1 Rd8 14. Qc2 Nf6 15. Ne5 Nd5 16. f4 Qa3 17. Bb3 a5 18. Rac1 Nb6 19. Qb1 Nd5 20. Qc2 a4
21. Bc4 Ne7 22. Bf1 Nd5 23. Nc4 Qe7 24. Qf2 b5 25. Ne5 Bb7 26. e4 Nf6 27. Rcd1 Nd7 28. Nxd7 Qxd7 29. c4 Ba6 30. cxb5 Bxb5
31. Bxb5 cxb5 32. a3 Ra6 33. Rd3 Rd6 34. Red1 f6 35. d5 exd5 36. Qa2 Qg4 37. g3 Kh7 38. exd5 Qf5 39. Kf2 Qe4 40. Re3=
1/2-1/2

[Event "Los Pumas Get Together"]
[Site "SchemingMind.com"]
[Date "2007.06.25"]
[Round "-"]
[White "Raimondi"]
[Black "ilhado"]
[Result "1/2-1/2"]
[WhiteCountry "PER"]
[BlackCountry "BRA"]
[WhiteElo "1645"]
[WhiteRD "74"]
[BlackElo "1798"]
[BlackRD "79"]
[GameID "110424"]

1. e4 e5 2. f4 exf4 3. Nf3 g5 4. h4 g4 5. Ne5 h5 6. Bc4 Nh6 7. d4 d6 8. Nd3 f3 9. gxf3 Nc6 10. Nf4 gxf3
11. Nh3 Qxh4+ 12. Nf2 Qf6 13. Rxh5 Bg7 14. c3 Bd7 15. Bg5 Qg6 16. Qxf3 Rf8 17. Nd2 f6 18. Bxh6 Bxh6 19. Rh1 O-O-O 20. O-O-O f5
21. exf5 Bxf5 22. Qh5 Be3 23. Qxg6 Bxg6 24. Ng4 Bg5 25. Rhf1 Rde8 26. Bb3 Bh5 27. Rxf8 Rxf8 28. Rg1 Na5 29. Be6+ Kb8 30. Nh2 Bf4
31. Nf1 b6 32. b4 Nb7 33. Kb2 Nd8 34. Bb3 c6 35. Ne4 d5 36. Neg3 Bf3 37. Nh2 Rg8 38. Nxf3 Rxg3 39. Rxg3 Bxg3 40. Bc2 Kc7
41. Bf5 Nf7 42. a4 Nd6 43. Bg6 Nc4+ 44. Kc2 a5 45. Nd2 Ne3+ 46. Kd3 Bf4 47. Nb3 axb4 48. cxb4 Nc4 49. a5 Kb7 50. Be8 bxa5
51. Nxa5+ Nxa5 52. bxa5 Bb8=
1/2-1/2

[Event "Los Pumas Get Together"]
[Site "SchemingMind.com"]
[Date "2007.06.25"]
[Round "-"]
[White "lawrencehourihan"]
[Black "ilhado"]
[Result "0-1"]
[WhiteCountry "CAN"]
[BlackCountry "BRA"]
[WhiteElo "1536"]
[WhiteRD "81"]
[BlackElo "1816"]
[BlackRD "81"]
[GameID "110425"]

1. e4 e5 2. Nf3 f5 3. Nxe5 Qf6 4. d4 fxe4 5. Be3 d6 6. Nc4 Qf7 7. Nc3 Nf6 8. Be2 Be6 9. b3 d5 10. Ne5 Qg8
11. Nb5 Na6 12. Qd2 c6 13. Qa5 cxb5 14. Qxb5+ Nd7 15. Qxb7 Rb8 16. Qxa6 Nxe5 17. dxe5 Bb4+ 18. c3 Bxc3+ 19. Bd2 Bxa1 20. Qxa7 Bxe5
21. a4 Qf7 22. Qe3 O-O 23. O-O Bf4 24. Qc3 Bxd2 25. Qxd2 Rxb3
0-1

[Event "Los Pumas Get Together"]
[Site "SchemingMind.com"]
[Date "2007.06.25"]
[Round "-"]
[White "Zugzwang"]
[Black "ilhado"]
[Result "1/2-1/2"]
[WhiteCountry "CAN"]
[BlackCountry "BRA"]
[WhiteElo "1406"]
[WhiteRD "64"]
[BlackElo "1798"]
[BlackRD "79"]
[GameID "110426"]

1. d4 f5 2. c4 Nf6 3. Nc3 g6 4. b3 Bg7 5. g3 O-O 6. Bb2 d5 7. e3 c6 8. Be2 b6 9. Nf3 Nbd7 10. O-O Bb7
11. Ng5 Qc8 12. Ne6 Rf7 13. Nxg7 Kxg7 14. Rc1 Qe8 15. cxd5 cxd5 16. Nb5 Rc8 17. Rxc8 Qxc8 18. Nxa7 Qa8 19. Nb5 Ne8 20. a4 Ndf6
21. Qc1 e6 22. f3 Qb8 23. b4 Nd6 24. Nxd6 Qxd6 25. b5 Qd8 26. Qc3 Rc7 27. Qa3 Ne8 28. a5 bxa5 29. Qxa5 Qc8 30. b6 Rc2
31. Qb5 Qc6 32. Ba3 Nf6 33. Qxc6 Rxc6 34. Bc5 Rc8 35. Ra1 Ra8 36. Rxa8 Bxa8 37. Ba6 Bc6 38. b7 Nd7 39. Ba7 Bxb7 40. Bxb7 Kf7
41. Kf2 h5 42. h4 Kf6 43. Bc8 Ke7 44. Bxd7 Kxd7 45. g4 hxg4 46. fxg4 fxg4 47. Kg3 Ke7 48. Kxg4 Kf6 49. Kf4 Ke7 50. Kg5=
1/2-1/2

[Event "Los Pumas Get Together"]
[Site "SchemingMind.com"]
[Date "2007.06.25"]
[Round "-"]
[White "Mortadulo"]
[Black "ilhado"]
[Result "0-1"]
[WhiteCountry "USA"]
[BlackCountry "BRA"]
[WhiteElo "1801"]
[WhiteRD "82"]
[BlackElo "1816"]
[BlackRD "81"]
[GameID "110427"]

1. Nc3 c5 2. e4 d6 3. Nge2 g6 4. d4 cxd4 5. Qxd4 Nf6 6. Bg5 Bg7 7. O-O-O O-O 8. f3 Qc7 9. Bxf6 Bxf6 10. Qd2 Nc6
11. Nd5 Qd7
0-1

[Event "Los Pumas Get Together"]
[Site "SchemingMind.com"]
[Date "2007.06.25"]
[Round "-"]
[White "strokem1"]
[Black "ilhado"]
[Result "0-1"]
[WhiteCountry "USA"]
[BlackCountry "BRA"]
[WhiteElo "1281"]
[WhiteRD "88"]
[BlackElo "1798"]
[BlackRD "79"]
[GameID "110428"]

1. e4 e5 2. Nf3 f5 3. exf5 e4 4. Nd4 Qf6 5. c3 d5 6. g4 Bd7 7. d3 Nc6 8. Be3 Be7 9. dxe4 dxe4 10. Nxc6 Bxc6
11. Bc4 Rd8 12. Qb3 Kf8 13. Nd2 g5 14. fxg6 Qxg6 15. h3 Nf6 16. O-O-O Nd7 17. Be6 Nc5 18. Qc2 Qxe6 19. Bxc5 Bxc5 20. Rhf1 Kg7
21. Kb1 Rhf8 22. Ka1 e3 23. fxe3 Qxe3 24. Nc4 Rxd1+ 25. Rxd1 Qxh3 26. Ne5 Qh6 27. Nd7 Rf2 28. Qb3 Bd6 29. Nb8 Bf3 30. Re1 Qg6
31. a3 Qxg4 32. Re8 Qf5 33. Qg8+ Kh6 34. Re6+ Kh5 35. Qe8+ Kg4 36. Qa4+ Bf4 37. Re1 a6 38. Nd7 Kg3 39. Rg1+ Kh2 40. Re1 Bg3
41. Qd4 Qc2 42. c4 Qd2 43. Qxd2 Rxd2 44. Re7 h5 45. Nc5 Re2 46. Rf7 Bg2 47. Nd3 h4 48. Ka2 Kg1 49. Nc1 Rf2
0-1

[Event "Los Pumas Get Together"]
[Site "SchemingMind.com"]
[Date "2007.06.25"]
[Round "-"]
[White "acbrasileiro"]
[Black "ilhado"]
[Result "1/2-1/2"]
[WhiteCountry "BRA"]
[BlackCountry "BRA"]
[WhiteElo "1849"]
[WhiteRD "105"]
[BlackElo "1816"]
[BlackRD "81"]
[GameID "110429"]

1. d4 d5 2. Bf4 c5 3. e3 e6 4. c3 Bd6 5. Bb5+ Nc6 6. Ne2 Ne7 7. O-O O-O 8. Bxd6 Qxd6 9. Nd2 a6 10. dxc5 Qxc5
11. Bd3 e5 12. Nb3 Qb6 13. Rc1 Be6 14. c4 dxc4 15. Bxc4 Bxc4 16. Rxc4 Rad8 17. Qb1 Rfe8 18. Ng3 Ng6 19. Ne4 Na5 20. Nxa5 Qxa5
21. Ng5 Re7 22. h4 h6 23. Nf3 Rc7 24. Rxc7 Qxc7 25. Rc1 Qd7 26. h5 Ne7 27. Qe4 f6 28. Qc4+ Kf8 29. Qb4 Kf7 30. Qb6 Rc8
31. Qb3+ Kf8 32. Rd1 Qc6 33. Qb4 Qc7 34. Rd2 Kf7= 35. Qb3+ Kf8=
1/2-1/2

[Event "Los Pumas Get Together"]
[Site "SchemingMind.com"]
[Date "2007.07.12"]
[Round "-"]
[White "Shaka"]
[Black "Raimondi"]
[Result "1/2-1/2"]
[WhiteCountry "VEN"]
[BlackCountry "PER"]
[WhiteElo "1726"]
[WhiteRD "75"]
[BlackElo "1621"]
[BlackRD "73"]
[GameID "112430"]

1. Nf3 Nf6 2. d4 d5 3. c4 e6 4. Nc3 Be7 5. Bf4 Bd6 6. Bxd6 Qxd6 7. e3 O-O 8. Bd3 dxc4 9. Bxc4 Nbd7 10. a3 a6
11. O-O c5 12. Rc1 cxd4 13. Nxd4 b5 14. Ba2 Bb7 15. Bb1 b4 16. axb4 Qxb4 17. Qb3 Qxb3 18. Nxb3 Rfc8 19. Na5 Rab8 20. Nxb7 Rxb7
21. Bd3 Rxb2 22. Bxa6 Rcb8 23. Rfd1 g6 24. h3 Nc5 25. Bf1 Nce4 26. Nxe4 Nxe4 27. f3 Ng3 28. Rc7 Nxf1 29. Kxf1 Rb1 30. Rxb1 Rxb1+
31. Kf2 Rb2+= 32. Kg3 Kg7 33. f4 h6 34. Kf3 Kf6 35. g4 Rb1 36. Ra7 Rf1+ 37. Kg2 Re1 38. Kf2 Rh1 39. Kg2 Rb1 40. Rc7 Rb3
41. e4 Kg7 42. Rd7 Rb5 43. Kf3 h5 44. gxh5 Rxh5 45. Kg4 Kf6 46. e5+ Kg7 47. Rc7 Rh8 48. Rb7 Rc8 49. Ra7=
1/2-1/2

[Event "Los Pumas Get Together"]
[Site "SchemingMind.com"]
[Date "2007.07.12"]
[Round "-"]
[White "Shaka"]
[Black "lawrencehourihan"]
[Result "1-0"]
[WhiteCountry "VEN"]
[BlackCountry "CAN"]
[WhiteElo "1726"]
[WhiteRD "75"]
[BlackElo "1532"]
[BlackRD "89"]
[GameID "112431"]

1. Nf3 d5 2. g3 Nf6 3. Bg2 e6 4. d3 Nc6 5. O-O b6 6. Nc3 Bb7 7. Bg5 Be7 8. Re1 Qd6 9. e4 dxe4 10. dxe4 Qxd1
11. Raxd1 e5 12. a3 h6 13. Bxf6 Bxf6 14. Nd5 O-O-O 15. c3 Rd6 16. Rd2 Bd8 17. Red1 g6 18. Bf1 f5 19. Bh3 Kb8 20. exf5 gxf5
21. Bxf5 Rf8 22. Be4 Ne7 23. Nxe5 Nxd5 24. Bxd5 Bxd5 25. Rxd5 Kc8 26. Rxd6 cxd6 27. Nc4 b5 28. Nxd6+ Kb8 29. Nxb5 Bb6 30. Nd4 Kb7
31. Re1 Rf7 32. Re6 h5 33. f4 h4 34. Kg2 hxg3 35. hxg3 Rg7 36. Kf3 Kc8 37. g4 Kd7 38. Re5 Rf7 39. Ke4 Bc7 40. Rd5+ Ke8
41. f5 Re7+ 42. Ne6 Kf7 43. g5 Bg3 44. b4 Bh4 45. g6+ Kf6 46. c4 Re8 47. c5 Bg5 48. b5 Bh6 49. b6 axb6 50. cxb6 Bf8
51. a4 Bb4 52. a5
1-0

[Event "Los Pumas Get Together"]
[Site "SchemingMind.com"]
[Date "2007.07.31"]
[Round "-"]
[White "Shaka"]
[Black "Zugzwang"]
[Result "0-1"]
[WhiteCountry "VEN"]
[BlackCountry "CAN"]
[WhiteElo "1726"]
[WhiteRD "75"]
[BlackElo "1400"]
[BlackRD "65"]
[GameID "112432"]

1. Nf3 Nf6 2. d3 d5 3. g3 c5 4. Bg2 Nc6 5. O-O b6 6. Bg5 Bb7 7. Nbd2 Qd6 8. c4 d4 9. Bxf6 gxf6 10. Ne4 Qe6
11. a3 f5 12. Neg5 Qd7 13. Re1 f6 14. Nh3 O-O-O 15. Qc2 e5 16. Reb1 Rg8 17. b4 f4 18. bxc5 fxg3 19. hxg3 Bxc5 20. Rb5 Qg4
21. Qb2 e4 22. dxe4 d3 23. exd3 Rxd3 24. Qe2 Qxg3 25. Qf1 Rxf3 26. Kh1 Bxf2 27. Ra2 Nd4 28. Rbb2 Bxe4 29. Rxf2 Qxh3+ 30. Kg1 Rfg3
31. a4 Nf3+ 32. Rxf3 Bxf3
0-1

[Event "Los Pumas Get Together"]
[Site "SchemingMind.com"]
[Date "2007.07.13"]
[Round "-"]
[White "Shaka"]
[Black "ilhado"]
[Result "1/2-1/2"]
[WhiteCountry "VEN"]
[BlackCountry "BRA"]
[WhiteElo "1755"]
[WhiteRD "77"]
[BlackElo "1798"]
[BlackRD "79"]
[GameID "112433"]

1. e4 e5 2. Nf3 Nc6 3. Bc4 Bc5 4. c3 Nf6 5. d3 h6 6. b4 Bb6 7. a4 a6 8. h3 d6 9. Qb3 O-O 10. Nbd2 Qe7
11. Nf1 Nd8 12. Ng3 Be6 13. O-O Bxc4 14. Qxc4 Qe6 15. Qxe6 fxe6 16. Be3 Bxe3 17. fxe3 Nc6 18. Rfb1 b5 19. axb5 axb5 20. Ne2= Ne7
21. Nc1 Rfb8 22. Nb3 c6 23. Ra5=
1/2-1/2

[Event "Los Pumas Get Together"]
[Site "SchemingMind.com"]
[Date "2007.07.12"]
[Round "-"]
[White "Shaka"]
[Black "strokem1"]
[Result "1-0"]
[WhiteCountry "VEN"]
[BlackCountry "USA"]
[WhiteElo "1755"]
[WhiteRD "77"]
[BlackElo "1281"]
[BlackRD "88"]
[GameID "112435"]

1. e4 c5 2. Nf3 d6 3. d4 cxd4 4. Nxd4 Nc6 5. Nc3 a6 6. f4 Nf6 7. Be2 e6 8. a4 Bd7 9. Be3 Be7 10. O-O O-O
11. g4 h6 12. Qe1 e5 13. Nf5 exf4 14. Bxf4 a5 15. Rd1 Be6 16. Qg3 Nxg4 17. Bxg4 Bxf5 18. Bxf5 b6 19. Bxh6 Bf6 20. Rxd6 Qc7
21. Bxg7 Bxg7 22. Nd5 Qxd6 23. Qxd6 Nb4 24. Kh1 Rad8 25. Qg3 Nxd5 26. Rg1
1-0

[Event "Los Pumas Get Together"]
[Site "SchemingMind.com"]
[Date "2007.07.12"]
[Round "-"]
[White "Shaka"]
[Black "acbrasileiro"]
[Result "1/2-1/2"]
[WhiteCountry "VEN"]
[BlackCountry "BRA"]
[WhiteElo "1726"]
[WhiteRD "75"]
[BlackElo "1902"]
[BlackRD "99"]
[GameID "112436"]

1. e4 c5 2. Nf3 d6 3. d3 Nc6 4. h3 g6 5. Nc3 Bg7 6. Be3 b6 7. Be2 Nf6 8. Qd2 a5 9. a3 Ba6 10. O-O O-O
11. Bh6 Nd4 12. Nxd4 cxd4 13. Nd1 Rc8 14. Bxg7 Kxg7 15. c3 dxc3 16. Nxc3 Rc6 17. Rac1 d5 18. e5 Ne8 19. d4 Bxe2 20. Qxe2 Nc7
21. f4 Ne6 22. Qf2 Rc4 23. Ne2 b5 24. f5 Ng5 25. f6+ exf6 26. exf6+ Kg8 27. Rxc4 bxc4 28. Qh4 Ne4 29. Nc3 h5 30. Nxe4 dxe4
31. Qxe4 Re8 32. Qf4 Kh7 33. g4 hxg4 34. Qxg4 Rh8 35. Qe4 Kg8 36. Kg2 Rh5 37. Rf4 Qd5 38. Qxd5 Rxd5 39. Kg3 g5 40. Rg4 Kh7
41. h4 gxh4+ 42. Kxh4 Kh6 43. Kh3= Rh5+ 44. Kg3=
1/2-1/2

[Event "Los Pumas Get Together"]
[Site "SchemingMind.com"]
[Date "2007.07.12"]
[Round "-"]
[White "Raimondi"]
[Black "Shaka"]
[Result "1-0"]
[WhiteCountry "PER"]
[BlackCountry "VEN"]
[WhiteElo "1645"]
[WhiteRD "74"]
[BlackElo "1755"]
[BlackRD "77"]
[GameID "112437"]

1. e4 c6 2. d4 d5 3. Nc3 dxe4 4. Nxe4 Nd7 5. Nf3 Ngf6 6. Nxf6+ Nxf6 7. Bc4 Bf5 8. Qe2 e6 9. Bg5 Be7 10. O-O-O h6
11. Bh4 b5 12. Bd3 Bxd3 13. Qxd3 a5 14. Ne5 Qb6 15. f3 a4 16. g4 Nd5 17. Bxe7 Kxe7 18. h4 a3 19. Qb3 axb2+ 20. Kxb2 Ra4
21. c3 Rha8 22. Ra1 b4 23. Kc2 Ra3 24. Qb2 Rxc3+ 25. Kb1 Qxd4 26. Nxc6+ Rxc6 27. Qxd4 Nc3+ 28. Kb2 Rb8 29. Qa7+
1-0

[Event "Los Pumas Get Together"]
[Site "SchemingMind.com"]
[Date "2007.07.12"]
[Round "-"]
[White "lawrencehourihan"]
[Black "Shaka"]
[Result "0-1"]
[WhiteCountry "CAN"]
[BlackCountry "VEN"]
[WhiteElo "1561"]
[WhiteRD "92"]
[BlackElo "1723"]
[BlackRD "78"]
[GameID "112438"]

1. e4 c6 2. d4 d5 3. exd5 cxd5 4. Nc3 Nf6 5. Nf3 Nc6 6. Bf4 Bg4 7. Be2 e6 8. h3 Bxf3 9. Bxf3 Bb4 10. O-O O-O
11. Ne2 Re8 12. c3 Bf8 13. b4 a6 14. a4 Rc8 15. Qb3 Qb6 16. Rfb1 Ne7 17. Bg5 Ng6 18. Bxf6 gxf6 19. Ng3 Rc4 20. a5 Qc7
21. Ne2 Rc8 22. Rc1 Nf4 23. Ra2 Nxe2+ 24. Bxe2 Rxc3 25. Rxc3 Qxc3 26. Qxc3 Rxc3 27. b5 Bd6 28. g3 Kg7 29. bxa6 bxa6 30. Bxa6 Bb8
31. Bb7 Ba7 32. a6 Kf8 33. Kg2 Ke7 34. g4 Kd6 35. f3 Kc7 36. Kg3 Kb8 37. h4 Bxd4 38. Rb2 Ka7 39. g5 f5 40. h5 Be5+
41. Kf2 Bf4 42. g6 hxg6 43. hxg6 fxg6 44. Re2 e5 45. Kg2 d4 46. Re1 d3 47. Rd1 Rc2+ 48. Kf1 d2 49. Ke2 Rc1 50. Bc8 Kb6
51. Bb7 Rxd1 52. Kxd1 g5 53. Ke2 g4 54. fxg4 fxg4 55. Kd1 e4 56. Bxe4 Kxa6 57. Ke2 Kb5 58. Bc2 Kc4 59. Bd1 g3 60. Kf3 Bc7
61. Ke3 Kc3 62. Kf3 Kb2 63. Ke3 Kc1 64. Bg4 d1=Q 65. Bxd1 Kxd1 66. Kf3 Ke1
0-1

[Event "Los Pumas Get Together"]
[Site "SchemingMind.com"]
[Date "2007.07.31"]
[Round "-"]
[White "Zugzwang"]
[Black "Shaka"]
[Result "0-1"]
[WhiteCountry "CAN"]
[BlackCountry "VEN"]
[WhiteElo "1406"]
[WhiteRD "64"]
[BlackElo "1755"]
[BlackRD "77"]
[GameID "112439"]

1. d4 Nf6 2. Nf3 d6 3. e3 g6 4. c4 Bg7 5. Bd3 Bg4 6. Qb3 b6 7. Ng5 h6 8. Ne4 O-O 9. O-O a5 10. a4 Na6
11. Nbc3 Nb4 12. Be2 Bxe2 13. Nxe2 Nxe4 14. f3 Nf6 15. Nc3 c5 16. d5 Nd7 17. Ne4 f5 18. Ng3 Qc8 19. e4 f4 20. Ne2 Be5
21. Bd2 Qe8 22. Rad1 e6 23. Rfe1 exd5 24. exd5 Qf7 25. Nc1 Qf5 26. Nd3 Nxd3
0-1

[Event "Los Pumas Get Together"]
[Site "SchemingMind.com"]
[Date "2007.07.14"]
[Round "-"]
[White "ilhado"]
[Black "Shaka"]
[Result "1/2-1/2"]
[WhiteCountry "BRA"]
[BlackCountry "VEN"]
[WhiteElo "1798"]
[WhiteRD "79"]
[BlackElo "1755"]
[BlackRD "77"]
[GameID "112440"]

1. e4 c6 2. d4 d5 3. e5 Bf5 4. Bd3 Bxd3 5. Qxd3 e6 6. Nf3 Nd7 7. Be3 c5 8. c3 cxd4 9. Bxd4 Ne7 10. Nbd2 Nc6
11. O-O Be7 12. a3 Qc7 13. Rfe1 Rc8 14. Rac1 O-O 15. b4 a6 16. Qe3 Nxd4 17. Nxd4 Nb6 18. Qg3 Rfd8 19. f4 Nc4 20. Nb1 a5
21. f5 exf5 22. Nxf5 Bf8 23. Nd4=
1/2-1/2

[Event "Los Pumas Get Together"]
[Site "SchemingMind.com"]
[Date "2007.07.12"]
[Round "-"]
[White "strokem1"]
[Black "Shaka"]
[Result "0-1"]
[WhiteCountry "USA"]
[BlackCountry "VEN"]
[WhiteElo "1281"]
[WhiteRD "88"]
[BlackElo "1755"]
[BlackRD "77"]
[GameID "112442"]

1. e4 c6 2. d4 d5 3. e5 Bf5 4. Nf3 e6 5. Be2 Nd7 6. O-O c5 7. c4 dxc4 8. dxc5 Bxc5 9. Nc3 Ne7 10. Be3 Bxe3
11. fxe3 Qb6 12. Qc1 O-O 13. Bxc4 Rac8 14. Bb3 Ng6 15. Kh1 Ngxe5 16. Nxe5 Nxe5 17. Rd1 Rfd8 18. e4 Bg6 19. Qf4 Nd3 20. Qg3 Nf2+
0-1

[Event "Los Pumas Get Together"]
[Site "SchemingMind.com"]
[Date "2007.07.12"]
[Round "-"]
[White "acbrasileiro"]
[Black "Shaka"]
[Result "1-0"]
[WhiteCountry "BRA"]
[BlackCountry "VEN"]
[WhiteElo "1902"]
[WhiteRD "99"]
[BlackElo "1726"]
[BlackRD "75"]
[GameID "112443"]

1. b3 Nf6 2. Bb2 d5 3. e3 c5 4. Nf3 Nc6 5. d4 cxd4 6. Nxd4 Bg4 7. Be2 Bxe2 8. Qxe2 e6 9. Nxc6 bxc6 10. O-O Bd6
11. Nd2 Qc7 12. Nf3 c5 13. c4 a5 14. cxd5 exd5 15. Rfd1 Qb7 16. Nh4 O-O 17. Bxf6 gxf6 18. Nf5 Rfd8 19. Qg4+ Kf8 20. Qg7+ Ke8
21. Qxf6 Ra6 22. Ng7+ Kd7 23. Qxf7+ Kc8 24. Qxb7+ Kxb7 25. Nf5 Be5 26. Rac1 Rf6 27. e4 Rg8 28. Rxd5 Bf4 29. Rcxc5 Rgg6 30. Rb5+ Kc6
31. Rdc5+ Kd7 32. Rb7+ Kd8 33. Rxh7 Rg5 34. Rxa5 Kc8 35. Ra8+ Bb8 36. Rh8+ Kd7 37. Raxb8
1-0